000 00482nam a22001937a 4500
003 LK-CoDNM
005 20250120111541.0
008 250120b |||||||| |||| 00| 0 eng d
040 _aLK-CoDNM
_dLK-CoDNM
_eLK-CoDNM
041 _aeng
_hSinhala
080 _a11
_bU15
100 _aUkers H. William
245 _aAll About Tea
260 _aNew York
_bJournal Company
_c1935
300 _axiv, 559p. : ill , map ; 24 cm
490 _vVol.2
650 _aScience
942 _cBK
999 _c236966
_d236966